Problemy kombinatornogo analiza /
Gespeichert in:
| Weitere Verfasser: | |
|---|---|
| Format: | Buch |
| Sprache: | Russisch |
| Veröffentlicht: |
Moskva :
Mir,
1980
|
| Ausgabe: | 1.vyd. |
| Tags: |
Keine Tags, Fügen Sie das erste Tag hinzu!
|
MARC
| LEADER | 00000nam a22000003a 4500 | ||
|---|---|---|---|
| 001 | stu90051 | ||
| 005 | 20150617225628.4 | ||
| 008 | 040910s1980------------------------rus-d | ||
| 040 | |a STU |b slo | ||
| 041 | 0 | |a rus | |
| 080 | |a 519.1 | ||
| 100 | 1 | |a Rybnikov, Konstantin Aleksejevič |4 com | |
| 245 | 1 | |a Problemy kombinatornogo analiza / |c Ed.: Rybnikov, K.A | |
| 250 | |a 1.vyd. | ||
| 260 | |a Moskva : |b Mir, |c 1980 | ||
| 300 | |a 249 s | ||
| 996 | |b E48092 |c E*48092 |l EE03 |s P |a 0 |w stu90051_0001 | ||
| 996 | |b E47294 |c E*47294 |l EE03 |s P |a 0 |w stu90051_0003 | ||